Obálka Náhled e-knihy:
PDF Epub
Pro půjčování e-knih musíte být přihlášeni.
Jak si půjčit online?

Setkání /

Chtěli jste vědět, jak se měl po skončení knihy Bastian? Zda Tristan zůstal s Mikem nebo jestli králíček nakonec vyrostl? Od toho je tu nová kniha povídek, která byla napsána přímo na přání čtenářů.

Uloženo v:
Hlavní autor: Strong, Lydia (Autor)
Médium: E-kniha
Jazyk:Czech
Vydáno: Praha : E-knihy jedou, 2022
Tagy:
Žádné tagy
LEADER 01156nam a22002297i 4500
001 311711
007 ta
008 260601s2022 xr ||||| |||| 00| 0 cze d
020 |a 9990003622853 
044 |a xr 
100 1 |a  Strong, Lydia  |4 aut 
245 1 0 |a Setkání /  |c  Strong, Lydia 
264 1 |a Praha :  |b E-knihy jedou,  |c 2022 
300 |a 1 online zdroj (357 stran) 
336 |a text  |b txt  |2 rdacontent 
337 |a bez média  |b n  |2 rdamedia 
338 |a online zdroj  |b cr  |2 rdacarrier 
520 2 |a Chtěli jste vědět, jak se měl po skončení knihy Bastian? Zda Tristan zůstal s Mikem nebo jestli králíček nakonec vyrostl? Od toho je tu nová kniha povídek, která byla napsána přímo na přání čtenářů. 
910 |a RBIT002 
998 |d 362285  |a https://core.palmknihy.cz/api/books/362285/cover?rk0h0n  |b https://core.palmknihy.cz/api/books/362285/cover/400?rk0h0n  |c https://core.palmknihy.cz/api/books/362285/cover/50?rk0h0n  |e   |g 357  |i 9990003622853  |j https://core.palmknihy.cz/api/books/362285/preview.epub  |k https://core.palmknihy.cz/api/books/362285/preview.pdf  |l   |q 49  |r 1  |s https://www.palmknihy.cz/kniha/362285  |t ebook  |y 2022  |z 1 
999 |d 311709